Historia del mueble (Record no. 5313)

MARC details
000 -CABECERA
campo de control de longitud fija 00747nam a2200241 a 4500
001 - NÚMERO DE CONTROL
campo de control BRCA_5619
005 - FECHA Y HORA DE LA ÚLTIMA TRANSACCIÓN
campo de control 20190320205144.0
008 - DATOS DE LONGITUD FIJA--INFORMACIÓN GENERAL
campo de control de longitud fija 210211t1952----sp-a######---#000-0#spa-#
041 ## - CÓDIGO DE LENGUA
Código de lengua del texto/banda sonora o título independiente spa
044 ## - CÓDIGO DEL PAÍS DE LA ENTIDAD EDITORA/PRODUCTORA
Código MARC del país sp
050 #4 - SIGNATURA TOPOGRÁFICA DE LA BIBLIOTECA DEL CONGRESO
Número de clasificación NK2270
Número de documento/Ítem .S36 1952
100 1# - ENTRADA PRINCIPAL--NOMBRE DE PERSONA
Nombre de persona Schmitz, Hermann
9 (RLIN) 9529
245 10 - MENCIÓN DE TÍTULO
Título Historia del mueble
Resto del título estilos del mueble desde la antigüedad hasta mediados del siglo XIX
Mención de responsabilidad, etc. Hermann Schmitz ; tr. del alemán por José Ontañón.
250 ## - MENCIÓN DE EDICIÓN
Mención de edición 3
260 ## - PUBLICACIÓN, DISTRIBUCIÓN, ETC.
Lugar de publicación, distribución, etc. Barcelona
Nombre del editor, distribuidor, etc. G. Gili
Fecha de publicación, distribución, etc. 1952
300 ## - DESCRIPCIÓN FÍSICA
Extensión 87 p.
Otras características físicas il., 320 láminas
Dimensiones 30 cm.
500 ## - NOTA GENERAL
Nota general Incluye índice de láminas y sumario
500 ## - NOTA GENERAL
Nota general F97
650 14 - PUNTO DE ACCESO ADICIONAL DE MATERIA--TÉRMINO DE MATERIA
Término de materia o nombre geográfico como elemento de entrada Muebles
Subdivisión general Historia
9 (RLIN) 4173
710 2# - PUNTO DE ACCESO ADICIONAL--NOMBRE DE ENTIDAD CORPORATIVA
Nombre de entidad corporativa o nombre de jurisdicción como elemento de entrada Ontañón, José
Término indicativo de función/relación Traductor
9 (RLIN) 14320
902 ## - CATALOGADOR
Iniciales GFM
942 ## - ELEMENTOS DE PUNTO DE ACCESO ADICIONAL (KOHA)
Fuente del sistema de clasificación o colocación Library of Congress Classification
Tipo de ítem Koha Libros
Holdings
Estado de retiro Estado de pérdida Estado dañado No para préstamo Localización permanente Ubicación/localización actual Fecha de adquisición Número de inventario Total de préstamos Signatura topográfica completa Código de barras Fecha visto por última vez Precio válido a partir de Tipo de ítem Koha
El ejemplar forma parte de la colección y puede ser consultado según las políticas vigentes.       Biblioteca del Museo Franz Mayer (Rogerio Casas-Alatriste) Biblioteca del Museo Franz Mayer (Rogerio Casas-Alatriste) 15/02/2011 F97   NK2270 .S36 1952 (F97) 6055 22/03/2019 22/03/2019 Libros